| 000 | 00517nam a2200181 i 4500 | ||
|---|---|---|---|
| 001 | 42045 | ||
| 003 | ES-MaACL | ||
| 005 | 20230906160534.0 | ||
| 007 | t| | ||
| 008 | 030312s1962 sp ||||1| spa d | ||
| 100 | 1 |
_aCastaño, P. _936432 |
|
| 245 | 1 | 0 |
_aCurso de ampliación matemática... / _cpor P. Castaño. |
| 260 |
_aOviedo : _bAcademia Claret, _c[1962] |
||
| 300 |
_a671 p. : _bil. ; _c22 xm. |
||
| 500 | _aEjemplar multicopista. | ||
| 710 | 2 |
_aAcademia Claret. _91155 |
|
| 852 |
_aES-MaACL _jC-22478 _bR.51165 |
||
| 999 |
_c42045 _d42045 |
||